Sélection nationale Suisse - Statistiques

Statistiques générales
  • Ce quiz a été pris 21 fois
  • Le résultat moyen est 4 sur 10
Statistiques - réponses
Hint Réponse % Correct
2011- Granit Xhaka
94%
2010- Xherdan Shaqiri
81%
2011- Ricardo Rodriguez
63%
2013- Haris Seferovic
31%
1978-1991 Heinz Hermann
31%
2005-2020 Stefan Lichtsteiner
31%
1980-1996 Alain Geiger
25%
2006-2015 Gökhan Inler
25%
1989-2004 Stéphane Chapuisat
25%
1995-2007 Johann Vogel
13%
Aucun quiz correspondant
Distribution des résultats
% des personnes avec chaque résultat
Percentile par nombre de réponses
Votre historique - résultats
Vous n’avez pas pris ce quiz